000 00394 a2200133 4500
082 _a346.07
090 _c1073
_d1073
100 _aDin,Nizam Ud
245 _aIndustrial and Commercial Law
_bQuestions and Suggested Answers May 1990 to May 1994
_cNizam Ud Din
260 _aLahore
_bAccountancy Training Program
_c1994
300 _a109p
500 _aPaper cover
942 _aNBS
_cBK
_k346.07 NIZ
999 _c343607
_d343607